| Tag |
First Indicator |
Second Indicator |
Subfields |
| LEADER |
00000cam a2200000 a 4500 |
| 001 |
in00000086794 |
| 005 |
20151008062752.0 |
| 008 |
820322s1980 enka b 10010 eng |
| 010 |
|
|
|a 81112653
|
| 015 |
|
|
|a GB***
|
| 020 |
|
|
|a 0852962215 (U.S.)
|
| 035 |
|
|
|a (OCoLC)07406422
|
| 035 |
|
|
|9 AAK0897AM
|
| 040 |
|
|
|a DLC
|c DLC
|d TXA
|d UtOrBLW
|
| 049 |
|
|
|a TXAM
|d [
|v =pt.]
|v 1 [1196987], 2 [1196988]
|
| 050 |
0 |
0 |
|a TK3441 S8
|b I57 1980
|
| 082 |
0 |
|
|a 621.319/37
|2 19
|
| 111 |
2 |
|
|a International Conference on Gas Discharges and their Applications
|n (6th :
|d 1980 :
|c Edinburgh, Lothian)
|
| 245 |
1 |
0 |
|a Sixth International Conference on Gas Discharges and their Applications 8-11 September 1980 /
|c organised by the Science, Education and Technology Division of the Institution of Electrical Engineers in association with the Institute of Electrical and Electronics Engineers Inc. (United Kingdom and Republic of Ireland Section) [and others].
|
| 264 |
|
1 |
|a London ;
|a New York :
|b Institution of Electrical Engineers,
|c [1980]
|
| 264 |
|
4 |
|c ©1980
|
| 300 |
|
|
|a 2 volumes :
|b illustrations ;
|c 30 cm.
|
| 336 |
|
|
|a text
|b txt
|2 rdacontent
|
| 337 |
|
|
|a unmediated
|b n
|2 rdamedia
|
| 338 |
|
|
|a volume
|b nc
|2 rdacarrier
|
| 490 |
1 |
|
|a IEE conference publication,
|x 0537-9989 ;
|v no. 189
|
| 500 |
|
|
|a Spine title: Gas discharges and their applications.
|
| 504 |
|
|
|a Includes bibliographical references.
|
| 650 |
|
0 |
|a Electric insulators and insulation
|x Sulfur hexafluoride
|v Congresses.
|
| 650 |
|
0 |
|a Electric discharges through gases
|v Congresses.
|
| 710 |
2 |
|
|a Institution of Electrical Engineers.
|b Science, Education, and Technology Division.
|
| 710 |
2 |
|
|a Institute of Electrical and Electronics Engineers.
|b United Kingdom and Republic of Ireland Section.
|
| 740 |
0 |
|
|a Gas discharges and their applications.
|
| 830 |
|
0 |
|a Conference publication (Institution of Electrical Engineers) ;
|v no. 189.
|
| 999 |
|
|
|a MARS
|
| 999 |
f |
f |
|s d5d82fb3-3a5a-325a-9dbe-f62aabb4a049
|i fc43802c-a95f-3955-98a7-603fad0670b4
|t 0
|
| 952 |
f |
f |
|p ric
|a Texas A&M University
|b Rellis Campus
|c Joint Library Facility
|d Remote Storage
|t 0
|e TK3441 S8 I57 1980
|h Library of Congress classification
|i unmediated -- volume
|k pt.1
|m A14805978679
|
| 952 |
f |
f |
|p ric
|a Texas A&M University
|b Rellis Campus
|c Joint Library Facility
|d Remote Storage
|t 0
|e TK3441 S8 I57 1980
|h Library of Congress classification
|i unmediated -- volume
|k pt.2
|m A14805978687
|
| 998 |
f |
f |
|a TK3441 S8 I57 1980
|s pt.1-2
|t 0
|l Remote Storage
|